|
|
|
|
| LEADER |
01057cam a2200277 7i4500 |
| 001 |
0000084750 |
| 005 |
20251003090000.0 |
| 008 |
070605 eng |
| 020 |
|
|
|a 9678908204
|
| 020 |
|
|
|a 9789678909662
|
| 020 |
|
|
|a 9678909669 (pbk.)
|
| 090 |
0 |
0 |
|a KPG943.A31957
|b A265 2009
|
| 110 |
1 |
|
|a Malaysia
|
| 240 |
1 |
0 |
|a Akta Fitnah 1957
|
| 245 |
1 |
0 |
|a Akta Fitnah 1957 (Akta 286) & = Defamation Act 1957 (Act 286)
|c disusun oleh: Lembaga Penyelidikan Undang-Undang.
|
| 246 |
1 |
4 |
|a Akta Fitnah 1957 (Akta 286).
|
| 260 |
|
|
|a Petaling Jaya, Selangor:
|b International Law Book Services,
|c 1996-.
|
| 300 |
|
|
|a 1 v. (various pagings);
|c 25 cm.
|
| 490 |
0 |
|
|a Laws of Malaysia
|
| 500 |
|
|
|a Library has : Hingga 10hb Februari 2009
|
| 650 |
0 |
0 |
|a Libel and slander --
|x Law and legislation --
|z Malaysia
|
| 710 |
2 |
|
|a Legal Research Board
|
| 997 |
|
|
|a Health Sciences, Faculty
|
| 999 |
|
|
|a 0000038749
|b BOK
|c ACTS
|e 2nd Floor, Shah Alam
|
| 999 |
|
|
|a 0000038750
|b BOK
|c ACTS
|e 2nd Floor, Shah Alam
|
| 999 |
|
|
|a 0000038751
|b BOK
|c ACTS
|e 2nd Floor, Shah Alam
|